000 00391nam a2200181Ia 4500
003 0100
008 130303s9999 xx 000 0 und d
040 _cARRUPELIB
050 _aDG467.M3 1959
100 _aMack Smith, Denis
245 _aItaly
245 _ba modern history
260 _aAnn Arbor MI
260 _bUniv. of MI Pr.
260 _C1959
300 _a508p
942 0 0 _02
999 _c47895
_d47895